00483 2200181 4500001002100000008004100021035002000062245007900082100002400161250000600185260002800191300001200219020002200231084001400253082000800267650001400275990001200289INLIS000000000001257 ind  a0010-0524000492 aPenyakit Menular; Penularan dan PencegahannyacProf.Dr. Samsuridjal Djauzi aDjauzi, Samsuridjal a1 aJakarta :bKompasc2020 a228 hlm a978-623-241-511-9 a600 SAM p a600 aNon Fiksi a0747657